Instructor's manual to accompany Miller volume II

Αποθηκεύτηκε σε:
Λεπτομέρειες βιβλιογραφικής εγγραφής
Κύριος συγγραφέας: Miller, Alex 1956-
Μορφή: Βιβλίο
Γλώσσα:English
Δημοσίευση: New York : McGraw-Hill, c1996
Έκδοση:2nd ed.
Θέματα:
Ετικέτες: Προσθήκη ετικέτας
Δεν υπάρχουν, Καταχωρήστε ετικέτα πρώτοι!

MARC

LEADER 00000nam a2200000 i 4500
001 1/64917
008 980818s1996 eng d
020 |a 0070427933 
035 |l 10029525 
040 |a GR-MY-UA  |b gre  |e aacr 
041 0 |a eng 
082 0 |a 658.4012 
100 1 |a Miller, Alex  |d 1956- 
245 1 0 |a Instructor's manual to accompany Miller/Dess strategic management :  |b volume II /  |c Alex Miller 
250 |a 2nd ed. 
260 |a New York :   |b McGraw-Hill,   |c c1996 
300 |a vii, 400 σ. 
650 0 0 |a Strategic planning. 
852 |a INST  |b CHIOS  |e 19980818  |h 658.4012 MIL  |p 005200015972  |q 005200015972  |t BK  |y 0  |z v.2 
852 |a INST  |b CHIOS  |e 19980818  |h 658.4012 MIL  |p 005200015972  |q 005200015972  |t BK  |v v.2:  |y 0  |z v.2 
853 |a INST  |b CHIOS  |h 658.4012 MIL 
901 |a BIBL-1998-2 
909 |a Χ  |b 058326 
922 |a 2ΕΛΗ  |b 199807  |c ΤΔΕ  |d ΠΑΠΑΣΩΤΗΡΙΟΥ